000 01425cam a22003852 4500
999 _c2492
_d2492
001 543676
003 OSt
005 20230620112428.0
008 081222r20072000nyuab c 000 1 eng d
020 _a9780439841191 (pbk.) :
040 _aBKX
_cBKX
_dBAKER
_dTAE
_dKH8
041 1 _aeng
_hita
082 _aFIC STI
100 _aStilton, Geronimo
_eauthor
130 0 _aBenvenuti a rocca tacagna.
_lEnglish.
245 0 0 _aWedding crasher /
_c[text by Geronimo Stilton ; illustrations by Roberto Ronchi, Christian Aliprandi and Davide Turotti].
260 _aNew York, N.Y. :
_bScholastic,
_c2007, c2000.
300 _a111 p. :
_bcol. ill., col. maps ;
_c20 cm.
440 0 _aGeronimo Stilton ;
_v#28.
500 _aTranslated from the Italian.
500 _aTranslation of: Benvenuti a rocca tacagna.
520 _aGeronimo and his friends travel to his cousin Stevie Stingsnout's wedding far away on Cheap Change Hill and run into trouble.
521 1 _a7-10.
546 _aTranslated from the Italian.
650 1 _aStilton, Geronimo (Fictitious character)
_vFiction.
650 1 _aMice
_vFiction.
650 1 _aWeddings
_vFiction.
650 0 _aStilton, Geronimo (Fictitious character)
_vJuvenile fiction.
650 0 _aMice
_vJuvenile fiction.
650 0 _aWeddings
_vJuvenile fiction.
700 1 _aRonchi, Roberto.
700 1 _aAliprandi, Christian.
700 1 _aTurotti, Davide.
942 _2ddc
_cFIC